| 000 | 00424nam a2200181Ia 4500 | ||
|---|---|---|---|
| 008 | 210210b1918 xxu||||| |||| 00| 0 eng d | ||
| 041 | _aeng | ||
| 082 | _a821/201 | ||
| 100 | _aDE LA MARE (Walter) | ||
| 245 | _aMotley and other poems | ||
| 260 |
_aLondon _bConstatble & Co Ltd. _c1918 |
||
| 650 | _apoems | ||
| 650 | _aother | ||
| 650 | _aMotley | ||
| 650 | _aand | ||
| 690 | _aEnglish Literature | ||
| 906 | _a011370 | ||
| 999 |
_c130045 _d130045 |
||